| 000 | 00654cam a22002291 4500 | ||
|---|---|---|---|
| 001 | ne 68004436 | ||
| 003 | DLC | ||
| 005 | 20260227111849.0 | ||
| 008 | 880830s1964 tu 000 0 tur | ||
| 010 | _ane 68004436 | ||
| 035 | _a(OCoLC)18425465 | ||
| 040 |
_aDLC _cWaU _dWU _dDLC |
||
| 042 | _apremarc | ||
| 050 | 0 | 0 |
_aPL248.K34 _bB7 1964 |
| 100 | 1 |
_aKaray, Refik Halit, _d1888-1965. |
|
| 245 | 1 | 0 |
_aBu, bizim hayatımız; _broman. |
| 250 | _a2. basılış. | ||
| 260 |
_aİstanbul, _bİnkılâp ve Aka Kitabevleri, _c[1964] |
||
| 300 |
_a190 p. _c20 cm. |
||
| 490 | 1 |
_aHis Külliyat, _v4 |
|
| 800 | 1 |
_aKaray, Refik Halit, _d1888-1965. _tKülliyat, _v4. |
|
| 999 |
_c51012 _d51012 |
||